00732nam a22001097a 4500008004100000100001800041245005500059260003400114300003400148520040600182773003400588260429b ||||| |||| 00| 0 eng d aCorrea, Romar aImaginaries and coercion in climate change finance aEconomic & Political Weekly  a61(11), Mar 14, 2026: p.10-13 aThe people are breaking the fetters of their imagination and envisioning ecologically kind futures. Sooner rather than later, central bankers will have to learn that they cannot hit two targets, financial stability and inflation employment, with a short-term interest rate.-Reproduced https://www.epw.in/journal/2026/11/h-t-parekh-finance-column/imaginaries-and-coercion-climate-change-finance.html  aEconomic & Political Weekly